000 00316nam a22001337a 4500
003 SGT
020 _a978-93-85915-76-5
082 _a641.5
_bMIS
100 _aMISHRA, RAJEEV. R.
245 _aMANAGING HOTEL FRONT OFFICE OPERATIONS
260 _aNEW DELHI
_bCBS PUB.
_c2016
300 _a582
942 _2ddc
_cBK
_012
999 _c22732
_d22732